Culture Générale - Série 1611 - Statistiques

Statistiques générales
  • Ce quiz a été pris 152 fois
  • Le résultat moyen est 5 sur 10
Statistiques - réponses
Question Réponse % Correct
De quelle prestigieuse institution les membres sont-ils appelés familièrement les "immortels" ? Académie française
79%
En 1988, le réalisateur britannique Charles Crichton a réalisé "Un Poisson nommé... Wanda
79%
En 1991, les Négresses vertes chantent "Ah ah, famille nombreuse, famille... heureuse
69%
Quel nom porte une vaste étendue couverte de dunes, dans les déserts de sable ? erg
68%
Quel sport pratique un badiste ? badminton
63%
En 1988, quelle artiste française chante "Pourvu qu'elles soient douces" ? Mylène Farmer
62%
Dans quelle série télévisée américaine des années 1980, Gary Coleman incarnait-il le jeune Arnold Jackson ? Arnold et Willy
47%
Qui est le partenaire de Robert Redford dans “L'Arnaque” ? Paul Newman
26%
En 1976, dans quel film d'Alan J. Pakula, deux journalistes enquêtent-ils sur le scandale du Watergate ? Les Hommes du Président
18%
Quel est l'imparfait du subjonctif du verbe émouvoir, à la première personne du pluriel ? Que nous ... émussions
15%
Aucun quiz correspondant
Distribution des résultats
% des personnes avec chaque résultat
Percentile par nombre de réponses
Votre historique - résultats
Vous n’avez pas pris ce quiz